000 00837nam a2200217Ia 4500
003 OSt
005 20250522114304.0
008 191128t2015 mx jr 000 f spa d
020 _a9789504947882
040 _aCO-JMCR
_cCO-JMCR
041 _aspa
082 0 4 _aJ-N
_bKIRc
100 1 _aKirby, Jessi,
_eautora
_97537
245 1 4 _aLas cosas que pasan por el corazón /
_cJessi Kirby
250 _aPrimera edición
260 _aMéxico :
_bPlaneta,
_c©2015
300 _a236 páginas ;
_c23 cm.
520 _a¿y si la esencia de una persona estuviera en su corazón? Un año despúes de pérder al amor de su vida, Quinn Sullivan no consigue dejar el pasado atrás. Cpomo parte del duelo, escribe a todas aquellas personas que se salvaron gracias a los órganos donados.
650 1 4 _aNovela estadounidense
_97538
942 _2ddc
_cBK
999 _c4336
_d4336